[Event "Thessaloniki Triandria op 10th"]
[Site "Thessaloniki"]
[Date "2017.04.19"]
[Round "4"]
[White "Papasimakopoulos, Vasilios"]
[Black "Ioannidis, Evgenios"]
[Result "0-1"]
[WhiteElo "2067"]
[BlackElo "2356"]
[PlyCount "78"]
[EventDate "2017.04.17"]
[EventType "swiss"]
[EventRounds "9"]
[EventCountry "GRE"]
[SourceTitle "CBM 178 Extra"]
[Source "ChessBase"]
[SourceDate "2017.06.22"]
[SourceVersion "1"]
[SourceVersionDate "2017.06.22"]
[SourceQuality "1"]

1. d4 d5 2. c4 c6 3. cxd5 cxd5 4. Bf4 Nc6 5. e3 Nf6 6. Nc3 Bg4 7. Qb3 Na5 8. Qa4+ Bd7 9. Qc2 e6 10. Bd3 Nc6 11. a3 Nh5 12. Bg3 f5 13. Nf3 Be7 14. Ne5 0-0 15. Nxc6 Bxc6 16. Be5 Nf6 17. 0-0 Ne4 18. f3 Nxc3 19. Qxc3 Qb6 20. b4 Rfc8 21. Rac1 Qd8 22. Qb2 a6 23. Qe2 Qd7 24. Rc3 Bb5 25. Rfc1 Rxc3 26. Rxc3 Bxd3 27. Qxd3 Rc8 28. Qc2 Rxc3 29. Qxc3 Kf7 30. Kf2 g6 31. Qc7 Qxc7 32. Bxc7 Ke8 33. Ke2 Kd7 34. Bg3 Kc6 35. Kd3 Kb5 36. Kc3 Ka4 37. Kb2 a5 38. bxa5 Bxa3+ 39. Kc2 Bb4 0-1

[Event "GRE-chT 43rd"]
[Site "Porto Rio"]
[Date "2015.10.10"]
[Round "4.8"]
[White "Papasimakopoulos, Vasilios"]
[Black "Fidrilakis, Stavros"]
[Result "1/2-1/2"]
[WhiteElo "2046"]
[BlackElo "2035"]
[PlyCount "127"]
[EventDate "2015.10.08"]
[EventType "team-swiss"]
[EventRounds "7"]
[EventCountry "GRE"]
[SourceTitle "CBM 168 Extra"]
[Source "ChessBase"]
[SourceDate "2015.10.29"]
[SourceVersion "1"]
[SourceVersionDate "2015.10.29"]
[SourceQuality "1"]
[WhiteTeam "Papagou"]
[BlackTeam "Chania Kaissa"]
[WhiteTeamCountry "GRE"]
[BlackTeamCountry "GRE"]

1. d4 Nf6 2. c4 e6 3. Nf3 c5 4. d5 exd5 5. cxd5 d6 6. Nc3 g6 7. Bf4 a6 8. a4 Bg7 9. h3 0-0 10. e3 Ne8 11. Be2 Nd7 12. 0-0 Qe7 13. Bg3 Rb8 14. Qc2 Ne5 15. Nd2 Nc7 16. a5 b5 17. axb6 Rxb6 18. Rfe1 Nb5 19. Nxb5 axb5 20. Ra5 c4 21. Nb1 b4 22. e4 Ba6 23. Qa4 Qb7 24. Kh1 Nd3 25. Bxd3 cxd3 26. e5 dxe5 27. Bxe5 Bxe5 28. Rxe5 Qc7 29. Re1 Bb7 30. Rb5 Qd7 31. Rxb4 Qxd5 32. f3 Rf6 33. Nd2 Re6 34. Rbe4 Rxe4 35. Nxe4 Qe5 36. Qb4 Bxe4 37. Rxe4 Qg5 38. f4 Qg3 39. Qe1 Qxe1+ 40. Rxe1 Rb8 41. Rd1 Rb3 42. Rd2 Kg7 43. Kg1 Kf6 44. Kf2 h5 45. g3 Kf5 46. Kf3 f6 47. g4+ hxg4+ 48. hxg4+ Ke6 49. Ke4 f5+ 50. gxf5+ gxf5+ 51. Ke3 Kf6 52. Kd4 Rb4+ 53. Ke3 Rb3 54. Kd4 Rb4+ 55. Kc5 Rxf4 56. b4 Re4 57. b5 Re8 58. Rxd3 Kg5 59. b6 f4 60. Kc6 Kg4 61. Kc7 f3 62. Rd4+ Kg3 63. b7 f2 64. Rd3+ 1/2-1/2

[Event "GRE-chT 43rd"]
[Site "Porto Rio"]
[Date "2015.10.09"]
[Round "3.3"]
[White "Naoum, Spyridon"]
[Black "Papasimakopoulos, Vasilios"]
[Result "1/2-1/2"]
[WhiteElo "2309"]
[BlackElo "2046"]
[PlyCount "111"]
[EventDate "2015.10.08"]
[EventType "team-swiss"]
[EventRounds "7"]
[EventCountry "GRE"]
[SourceTitle "CBM 168 Extra"]
[Source "ChessBase"]
[SourceDate "2015.10.29"]
[SourceVersion "1"]
[SourceVersionDate "2015.10.29"]
[SourceQuality "1"]
[WhiteTeam "Chania ADA"]
[BlackTeam "Papagou"]
[WhiteTeamCountry "GRE"]
[BlackTeamCountry "GRE"]

1. d4 f5 2. Bg5 g6 3. h4 Bg7 4. e3 d6 5. c3 h6 6. Bf4 Nf6 7. Bc4 e6 8. Nd2 Qe7 9. Ne2 Nc6 10. Bg3 Nh5 11. Nf4 Nxf4 12. exf4 Bd7 13. Kf1 0-0-0 14. a4 g5 15. d5 exd5 16. Bxd5 g4 17. Qe2 Qf8 18. Qd3 Re8 19. Re1 h5 20. f3 Rxe1+ 21. Kxe1 Nd8 22. Bf2 a6 23. Bb3 Qf6 24. Kd1 Re8 25. Re1 Rxe1+ 26. Kxe1 Be6 27. Bc2 Qe7 28. Qe3 g3 29. Bxg3 Bf6 30. Kf1 Bxh4 31. Bxh4 Qxh4 32. Nb3 c5 33. Nc1 Qh2 34. Ne2 Qh4 35. Qf2 Qf6 36. Qe3 Bc4 37. Kg1 h4 38. Kh2 Ne6 39. Bd3 Bb3 40. a5 Bd1 41. Ng1 Ba4 42. Nh3 Bd7 43. Bc2 Nd8 44. Bb3 Bc6 45. Ba2 Bd7 46. Ng5 Nc6 47. Kh3 Nxa5 48. Kxh4 Nc6 49. Be6 Qh6+ 50. Kg3 b5 51. Bd5 Kc7 52. Ne6+ Kc8 53. Ng5 Kc7 54. Ne6+ Kc8 55. Ng5 Kc7 56. Ne6+ 1/2-1/2

[Event "World Amateur-ch"]
[Site "Chalkidiki"]
[Date "2015.04.20"]
[Round "8"]
[White "Kruger, Israel"]
[Black "Papasimakopoulos, Vasilios"]
[Result "0-1"]
[WhiteElo "1785"]
[BlackElo "1993"]
[PlyCount "92"]
[EventDate "2015.04.14"]
[EventType "team-swiss"]
[EventRounds "9"]
[EventCountry "GRE"]
[SourceTitle "CBM 166 Extra"]
[Source "ChessBase"]
[SourceDate "2015.06.18"]
[SourceVersion "1"]
[SourceVersionDate "2015.06.18"]
[SourceQuality "1"]

1. e4 e6 2. d4 d5 3. Nd2 c5 4. Bb5+ Bd7 5. Bxd7+ Qxd7 6. exd5 Qxd5 7. Qf3 Nf6 8. Ne2 Nc6 9. dxc5 Bxc5 10. 0-0 0-0 11. Qxd5 Nxd5 12. Nb3 Bb6 13. c3 e5 14. c4 Ndb4 15. c5 Bc7 16. Be3 Rad8 17. Rfd1 Nxa2 18. g4 Nab4 19. Bd2 a6 20. Bc3 Nd5 21. Ng3 Nxc3 22. bxc3 Rxd1+ 23. Rxd1 Rd8 24. Rxd8+ Nxd8 25. Kf1 f6 26. Ke2 Kf7 27. Kd3 Ne6 28. Nf5 Ke8 29. Kc4 Kd7 30. Nd2 b6 31. Ne4 b5+ 32. Kb4 Bd8 33. c4 Kc6 34. cxb5+ axb5 35. Nc3 g6 36. Ne3 Nxc5 37. Nxb5 Nd3+ 38. Kc4 Nxf2 39. Na7+ Kd6 40. Nb5+ Ke6 41. Nc3 Bb6 42. Ncd5 Bxe3 43. Nxe3 f5 44. gxf5+ gxf5 45. Kc3 f4 46. Nf1 Kf5 0-1

[Event "Nikaia op 21st"]
[Site "Nikaia"]
[Date "2013.08.26"]
[Round "1"]
[White "Kourkoulos Arditis, Stamatis"]
[Black "Papasimakopoulos, Vasilios"]
[Result "1-0"]
[WhiteElo "2277"]
[BlackElo "1858"]
[PlyCount "63"]
[EventDate "2013.08.26"]
[EventType "swiss"]
[EventRounds "9"]
[EventCountry "GRE"]
[SourceTitle "CBM 156 Extra"]
[Source "ChessBase"]
[SourceDate "2013.10.22"]
[SourceVersion "1"]
[SourceVersionDate "2013.10.22"]
[SourceQuality "1"]

1. e4 e6 2. d4 d5 3. Nc3 Bb4 4. e5 Ne7 5. a3 Bxc3+ 6. bxc3 c5 7. a4 Qc7 8. Nf3 b6 9. Bb5+ Bd7 10. Bd3 Nbc6 11. 0-0 c4 12. Be2 0-0 13. Ba3 f6 14. Qd2 Rf7 15. Bd6 Qd8 16. exf6 Rxf6 17. Nh4 Nf5 18. Nxf5 Rxf5 19. Bg4 Qg5 20. Qe2 Rf6 21. f4 Qh6 22. Rf3 g6 23. Re3 Re8 24. f5 gxf5 25. Rh3 Qg7 26. Bh5 Rg6 27. Bxg6 hxg6 28. Re1 Kf7 29. Qd2 Rg8 30. Ree3 Ke8 31. Bf4 g5 32. Bxg5 1-0

[Event "GRE-chT 41st"]
[Site "Achaia"]
[Date "2013.07.03"]
[Round "3.8"]
[White "Tsakiris, Haralambos"]
[Black "Papasimakopoulos, Vasilios"]
[Result "1/2-1/2"]
[WhiteElo "2162"]
[BlackElo "1848"]
[PlyCount "171"]
[EventDate "2013.07.02"]
[EventType "team-swiss"]
[EventRounds "7"]
[EventCountry "GRE"]
[SourceTitle "CBM 155 Extra"]
[Source "ChessBase"]
[SourceDate "2013.08.26"]
[SourceVersion "1"]
[SourceVersionDate "2013.08.26"]
[SourceQuality "1"]
[WhiteTeam "Kavalas CN"]
[BlackTeam "Papagou DP"]
[WhiteTeamCountry "GRE"]
[BlackTeamCountry "GRE"]

1. d4 f5 2. g3 Nf6 3. Bg2 g6 4. Nf3 Bg7 5. 0-0 0-0 6. b3 d6 7. Bb2 c6 8. Nbd2 Ne4 9. c4 e6 10. Nxe4 fxe4 11. Ne1 d5 12. f3 exf3 13. Nxf3 dxc4 14. bxc4 c5 15. e3 Nc6 16. Qd2 Na5 17. Rac1 Qc7 18. d5 Bxb2 19. Qxb2 exd5 20. cxd5 Bf5 21. Nd2 Rfe8 22. e4 Bg4 23. Rf4 Be2 24. Re1 Bd3 25. e5 c4 26. Qc3 Qc5+ 27. Kh1 Rad8 28. e6 Re7 29. Rd4 b6 30. Be4 Nc6 31. Nb3 Bxe4+ 32. Rdxe4 cxb3 33. Qxc5 bxc5 34. dxc6 bxa2 35. Ra4 Rc8 36. Rxa2 Rxc6 37. Rc2 Kf8 38. Rc4 Rec7 39. Re5 Ke7 40. Kg2 Kf6 41. Rce4 Re7 42. Rd5 Rexe6 43. Rc4 Re5 44. Rd7 Re7 45. Rd5 Rec7 46. Kf3 Ke6 47. Ke4 a5 48. Re5+ Kf6 49. Kd5 a4 50. Rf4+ Kg7 51. Rxa4 c4 52. Re7+ Rxe7 53. Kxc6 c3 54. Rc4 Re2 55. Rxc3 Rxh2 56. Kd5 Re2 57. Kd4 Kf6 58. Kd3 Re1 59. Kd2 Re5 60. Rc4 Kf5 61. Kd3 h5 62. Rb4 g5 63. Rc4 Re1 64. Kd2 Rg1 65. Ke2 Rxg3 66. Rc5+ Kg4 67. Kf2 Rf3+ 68. Kg2 Rf4 69. Rb5 h4 70. Ra5 h3+ 71. Kh2 Kh4 72. Ra8 Rf2+ 73. Kg1 Kg3 74. Ra3+ Rf3 75. Ra1 h2+ 76. Kh1 g4 77. Ra3 Kh4 78. Ra4 Kh3 79. Ra3 Kg3 80. Rb3 Kh4 81. Rb4 Rh3 82. Ra4 Rb3 83. Kxh2 Rb2+ 84. Kg1 Kh3 85. Ra3+ g3 86. Ra1 1/2-1/2

[Event "Wch U20 51st"]
[Site "Athens"]
[Date "2012.08.12"]
[Round "10"]
[White "Papasimakopoulos, Vasilios"]
[Black "Tsiros, Fragkiskos Vlasios"]
[Result "0-1"]
[WhiteElo "1820"]
[BlackElo "1897"]
[PlyCount "44"]
[EventDate "2012.08.02"]
[EventType "swiss"]
[EventRounds "13"]
[EventCountry "GRE"]
[SourceTitle "CBM 149 Extra"]
[Source "ChessBase"]
[SourceDate "2012.08.24"]
[SourceVersion "1"]
[SourceVersionDate "2012.08.24"]
[SourceQuality "1"]

1. d4 Nf6 2. c4 e6 3. Nf3 b6 4. g3 Ba6 5. Nbd2 b5 6. b3 Bb4 7. Qc2 d5 8. cxd5 Qxd5 9. Bg2 Nc6 10. 0-0 Bb7 11. Ne5 Qxg2+ 12. Kxg2 Nxd4+ 13. Ndf3 Nxc2 14. Rb1 Bd6 15. Kg1 Bxe5 16. Nxe5 Nd4 17. Re1 0-0 18. f3 Rfd8 19. Bb2 c5 20. e4 Nd7 21. Nxd7 Nxf3+ 22. Kf1 Rxd7 0-1

[Event "Wch U20 51st"]
[Site "Athens"]
[Date "2012.08.11"]
[Round "9"]
[White "Kalogridakis, Georgios"]
[Black "Papasimakopoulos, Vasilios"]
[Result "1/2-1/2"]
[WhiteElo "2017"]
[BlackElo "1820"]
[PlyCount "60"]
[EventDate "2012.08.02"]
[EventType "swiss"]
[EventRounds "13"]
[EventCountry "GRE"]
[SourceTitle "CBM 149 Extra"]
[Source "ChessBase"]
[SourceDate "2012.08.24"]
[SourceVersion "1"]
[SourceVersionDate "2012.08.24"]
[SourceQuality "1"]

1. e4 e6 2. d3 d5 3. Nd2 Nf6 4. Ngf3 c5 5. g3 g6 6. Bg2 Bg7 7. 0-0 0-0 8. Re1 Nc6 9. c3 Re8 10. Qe2 b6 11. h4 Bb7 12. Nf1 c4 13. dxc4 Nxe4 14. Ng5 Nf6 15. Be3 Ba6 16. Rad1 Qc7 17. Nd2 Rac8 18. Qf3 Ne5 19. Qe2 Nxc4 20. Nxc4 Bxc4 21. Qc2 a5 22. Bh3 Ba6 23. Bf4 Qc6 24. Be5 b5 25. Qd3 h6 26. Qd4 Nh5 27. Bxg7 Nxg7 28. Nf3 Qc5 29. Qf4 Kh7 30. Ne5 f5 1/2-1/2

[Event "GRE-ch U18"]
[Site "Nikaia"]
[Date "2012.01.08"]
[Round "8"]
[White "Papakonstantinou, Dimitrios1111"]
[Black "Papasimakopoulos, Vasilios"]
[Result "0-1"]
[WhiteElo "1829"]
[BlackElo "1724"]
[PlyCount "124"]
[EventDate "2012.01.03"]
[EventType "swiss"]
[EventRounds "9"]
[EventCountry "GRE"]
[SourceTitle "CBM 146 Extra"]
[Source "ChessBase"]
[SourceDate "2012.02.29"]
[SourceVersion "1"]
[SourceVersionDate "2012.02.29"]
[SourceQuality "1"]

1. d4 f5 2. f3 Nf6 3. e4 fxe4 4. fxe4 Nxe4 5. Bd3 d5 6. Nf3 Nd7 7. 0-0 Ndf6 8. Nc3 Bg4 9. Qe1 Bxf3 10. Rxf3 c6 11. Ne2 Qb6 12. c3 e5 13. Bxe4 dxe4 14. Rf5 exd4 15. Re5+ Kf7 16. Nxd4 Bd6 17. Rf5 Rae8 18. Qf2 h6 19. Be3 Qc7 20. Qh4 Ke7 21. Rxf6 gxf6 22. Nf5+ Ke6 23. Qxe4+ Kd7 24. Qd3 Re5 25. c4 Ke6 26. Nxd6 Qxd6 27. Qxd6+ Kxd6 28. Bf4 Kc5 29. Bxe5 fxe5 30. b3 Rf8 31. Rd1 Rf7 32. h3 e4 33. g4 e3 34. h4 Rf4 35. Kg2 Rxg4+ 36. Kf3 Rxh4 37. Kxe3 Rh2 38. Kd3 h5 39. a3 Rh3+ 40. Kc2 a5 41. Rd7 a4 42. bxa4 Kxc4 43. Rxb7 Rxa3 44. Rh7 Ra2+ 45. Kb1 Rh2 46. a5 Kb5 47. Rh6 h4 48. a6 Kxa6 49. Rxc6+ Kb5 50. Rh6 h3 51. Rh4 Kc5 52. Rh8 Rh1+ 53. Kb2 Kd4 54. Rh7 Ke4 55. Rh8 Kf4 56. Kc2 Kg3 57. Rg8+ Kh2 58. Kd2 Rg1 59. Rh8 Kg2 60. Ke2 h2 61. Rg8+ Kh3 62. Rh8+ Kg3 0-1

[Event "GRE-ch U18"]
[Site "Nikaia"]
[Date "2012.01.05"]
[Round "4"]
[White "Hatzoudis, Gerasimos"]
[Black "Papasimakopoulos, Vasilios"]
[Result "1-0"]
[WhiteElo "1838"]
[BlackElo "1724"]
[PlyCount "111"]
[EventDate "2012.01.03"]
[EventType "swiss"]
[EventRounds "9"]
[EventCountry "GRE"]
[SourceTitle "CBM 146 Extra"]
[Source "ChessBase"]
[SourceDate "2012.02.29"]
[SourceVersion "1"]
[SourceVersionDate "2012.02.29"]
[SourceQuality "1"]

1. d4 f5 2. c4 Nf6 3. Nf3 d6 4. Nc3 g6 5. Qc2 Bg7 6. e4 fxe4 7. Nxe4 Nxe4 8. Qxe4 Nc6 9. Bd3 Nb4 10. Bb1 Bf5 11. Qe2 0-0 12. Bxf5 Rxf5 13. h4 e5 14. dxe5 Bxe5 15. a3 Nc6 16. Be3 Qf6 17. Nxe5 Rxe5 18. 0-0-0 b5 19. cxb5 Na5 20. b4 Nb7 21. Qc4+ Kf8 22. Bh6+ Ke8 23. Rhe1 Kd7 24. Qc6+ Kc8 25. Rxe5 Qxe5 26. Bg5 Rb8 27. Qd5 Qxd5 28. Rxd5 Nd8 29. Be3 Kd7 30. Kb2 Ra8 31. h5 Nf7 32. hxg6 hxg6 33. a4 Ke6 34. Rd4 a6 35. bxa6 Rxa6 36. b5 Ra8 37. Kb3 d5 38. Rh4 Rb8 39. Kb4 Nd6 40. Bc5 Nc4 41. a5 Ne5 42. Ka4 Nc4 43. Kb4 Ne5 44. Rh3 Kf5 45. a6 Ra8 46. a7 Nd7 47. Ra3 Ke5 48. Re3+ Kf5 49. Bd4 Nf8 50. Re5+ Kf4 51. Rxd5 Ne6 52. Be3+ Ke4 53. Rd7 Rc8 54. Ka5 g5 55. Ka6 g4 56. Kb7 1-0